Normal view MARC view
  • Español

Entry Materia

Number of records used in: 1

001 - NÚMERO DE CONTROL DEL REGISTRO

  • campo de control: 43848

003 - IDENTIFICADOR DE NUMERO DE CONTROL

  • campo de control: MX-MxUPN

005 - FECHA Y HORA DE LA ÚLTIMA TRANSACCIÓN

  • campo de control: 20220816142910.0

008 - DATOS DE LONGITUD FIJA

  • campo de control de longitud fija: 220223|| acz||babn | a|a d

040 ## - FUENTE DE LA CATALOGACIÓN

  • Centro catalogador de origen: MX-MxUPN
  • Lengua de catalogación: spa
  • Agencia de transcripción: MX-MxUPN

046 ## - FECHAS CON CODIFICACIÓN ESPECIAL

  • Fecha final para contenidos agregados: 2022

053 ## - NÚMERO CLASIFICADOR - BIBLIOTECA DEL CONGRESO (LC)

  • Elemento numérico de la clasificación - Número único o no. inicial del rango: PC4834 C2

150 ## - ENCABEZAMIENTO - TEMÁTICO

  • Término de materia o nombre geográfico como elemento inicial: Español
  • Subdivisión de materia general: Dialectos
  • Subdivisión geográfica: Campeche
  • Subdivisión de forma: Textos

670 ## - FUENTE EN LA QUE SE LOCALIZARON DATOS

  • Cita de la fuente: Biblioteca del Congreso, Catálogo de autoridades, 23 de febrero del 2022:
  • Información localizada: (Spanish language--Dialects--Mexico--Campeche (State)--Texts)

902 ## - CATALOGADOR

  • Catalogador: VRC/230222